000 00673nam a2200229 a 4500
999 _c1772
_d1772
001 1772
003 BD-JhCC
005 20200328134008.0
008 171024b xxu||||| |||| 00| 0 eng d
020 _a9847000601339
035 _a(BD-JhCC) 1772
040 _aBD-JhCC
_dBD-JhCC
041 _aben
082 _a891.4409
_bMOZ 2008
100 _aমজাহার, ফরহাদ
245 _aনির্বাচিত প্রবন্ধ /
_c ফরহাদ মজাহার
260 _aঢাকা :
_bআগামী প্রকাশনী ,
_c2008
300 _a448
_c22 cm .
650 _aBengali Literature
942 _2ddc
_cBK
_02